Heaven, Hell, and Purgatory : (Record no. 8592)
[ view plain ]
| 000 -LEADER | |
|---|---|
| fixed length control field | 02223nam a22002417a 4500 |
| 003 - CONTROL NUMBER IDENTIFIER | |
| control field | GBCCL |
| 005 - DATE AND TIME OF LATEST TRANSACTION | |
| control field | 20241126110654.0 |
| 008 - FIXED-LENGTH DATA ELEMENTS--GENERAL INFORMATION | |
| fixed length control field | 210416b ||||| |||| 00| 0 eng d |
| 020 ## - INTERNATIONAL STANDARD BOOK NUMBER | |
| International Standard Book Number | 9781587433566 |
| 020 ## - INTERNATIONAL STANDARD BOOK NUMBER | |
| International Standard Book Number | 1587433567 |
| 040 ## - CATALOGING SOURCE | |
| Transcribing agency | GBC |
| 082 ## - DEWEY DECIMAL CLASSIFICATION NUMBER | |
| Classification number | 236.2 |
| Item number | WAL |
| 100 ## - MAIN ENTRY--PERSONAL NAME | |
| Personal name | Walls, Jerry L |
| 9 (RLIN) | 15152 |
| 245 ## - TITLE STATEMENT | |
| Title | Heaven, Hell, and Purgatory : |
| Remainder of title | rethinking the things that matter most / |
| Statement of responsibility, etc. | Jerry L Walls |
| 260 ## - PUBLICATION, DISTRIBUTION, ETC. | |
| Place of publication, distribution, etc. | Grand Rapids, Michigan : |
| Name of publisher, distributor, etc. | Brazos Press, |
| Date of publication, distribution, etc. | [2015] |
| 300 ## - PHYSICAL DESCRIPTION | |
| Extent | 235 pages ; |
| Dimensions | 22 cm |
| 505 ## - FORMATTED CONTENTS NOTE | |
| Formatted contents note | Will heaven be boring? How can a good and loving God send people to hell? Is there such a place as purgatory? If so, why is it necessary, if we're saved by grace? Questions about the afterlife abound. Given what is at stake, they are the most important questions we will ever consider. Recent years have seen a surge of Christian books written by people claiming to have received a glimpse of the afterlife, and numerous books, films, and TV shows have apocalyptic or postapocalyptic themes. Jerry Walls, a dynamic writer and expert on the afterlife, distills his academic writing on heaven, hell, and purgatory to offer clear biblical, theological, and philosophical grounding for thinking about these issues. He provides an ecumenical account of purgatory that is compatible with Protestant theology and defends the doctrine of eternal hell. Walls shows that the Christian vision of the afterlife illumines the deepest and most important issues of our lives, changing the way we think about happiness, personal identity, morality, and the very meaning of life. |
| 505 ## - FORMATTED CONTENTS NOTE | |
| Formatted contents note | Heaven, trinity, and the meaning of life --<br/>Consolation measures when the dream has died --<br/>If God is love, why is there a Hell? --<br/>If we are saved by grace, why do we need Purgatory? --<br/>Saving souls and/or bodies: personal identity in the afterlife --<br/>Wiping away every tear? the afterlife and the problem of evil --<br/>Ultimate motivation: Heaven, Hell, and the ground of morality --<br/>His mercy endures forever-even beyond the grave? --<br/>Can you believe it? |
| 650 ## - SUBJECT ADDED ENTRY--TOPICAL TERM | |
| Topical term or geographic name entry element | Future life |
| Form subdivision | Christianity. |
| 9 (RLIN) | 15026 |
| 650 ## - SUBJECT ADDED ENTRY--TOPICAL TERM | |
| Topical term or geographic name entry element | Heaven |
| Form subdivision | Christianity. |
| 9 (RLIN) | 15153 |
| 650 ## - SUBJECT ADDED ENTRY--TOPICAL TERM | |
| Topical term or geographic name entry element | Hell |
| Form subdivision | Christianity. |
| 9 (RLIN) | 15154 |
| 942 ## - ADDED ENTRY ELEMENTS (KOHA) | |
| Source of classification or shelving scheme | Dewey Decimal Classification |
| Koha item type | Books |
| Koha issues (borrowed), all copies | 12 |
| Withdrawn status | Lost status | Source of classification or shelving scheme | Damaged status | Not for loan | Home library | Current Library | Shelving location | Date acquired | Total checkouts | Total renewals | Full call number | Barcode | Date last seen | Date last checked out | Copy number | Price effective from | Koha item type |
|---|---|---|---|---|---|---|---|---|---|---|---|---|---|---|---|---|---|
| Dewey Decimal Classification | GRACE BIBLE COLLEGE | GRACE BIBLE COLLEGE | Theology | 2021-04-16 | 15 | 2 | 236.2 WAL | 020237 | 2026-01-19 | 2026-01-16 | c.1 | 2021-04-16 | Books |